BERRY & KOHN'S OPERATING ROOM TECHNIQUES (Record no. 15225)
[ view plain ]
| 000 -LEADER | |
|---|---|
| fixed length control field | 00315nam a22001337a 4500 |
| 003 - CONTROL NUMBER IDENTIFIER | |
| control field | SGT |
| 020 ## - INTERNATIONAL STANDARD BOOK NUMBER | |
| International Standard Book Number | 978-81-312-4702-0 |
| 082 ## - DEWEY DECIMAL CLASSIFICATION NUMBER | |
| Classification number | 617.917 |
| Item number | B16P |
| 100 ## - MAIN ENTRY--PERSONAL NAME | |
| Personal name | PHILLIPS, NANCYMARIE |
| 245 ## - TITLE STATEMENT | |
| Title | BERRY & KOHN'S OPERATING ROOM TECHNIQUES |
| 260 ## - PUBLICATION, DISTRIBUTION, ETC. (IMPRINT) | |
| Place of publication, distribution, etc | INDIA |
| Name of publisher, distributor, etc | ELSEVIER |
| Year of Publication | 2016 |
| 300 ## - PAGE DESCRIPTION | |
| No. of Pages | 986 |
| 942 ## - ADDED ENTRY ELEMENTS (KOHA) | |
| Source of classification or shelving scheme | Dewey Decimal Classification |
| Koha item type | Books |
| Withdrawn status | Lost status | Source of classification or shelving scheme | Damaged status | Not for loan | Collection code | Home library | Current library | Shelving location | Date acquired | Vendor Name | Cost, normal purchase price | SGTU | Bill Number | Total Checkouts | Full call number | Accession No. (Barcode) | Date last seen | Bill Date | Koha item type |
|---|---|---|---|---|---|---|---|---|---|---|---|---|---|---|---|---|---|---|---|
| Dewey Decimal Classification | Not For Loan | NURSING | SGT Medical Library | SGT Medical Library | Reference Book | 12/02/2018 | ABC | 1575.00 | SGTU | 7429 | 617.917 B16P | FN3764 | 12/02/2018 | 04/11/2016 | Books | ||||
| Dewey Decimal Classification | Not For Loan | NURSING | SGT Medical Library | SGT Medical Library | Reference Book | 12/02/2018 | ABC | 1575.00 | SGTU | 7429 | 617.917 B16P | FN3765 | 12/02/2018 | 04/11/2016 | Books |